000 01723cgm a2200313 4500
001 M88412
008 090401t1997 xxu||||| |||| 00| 0 eng d
035 _a(Sirsi) u82803
041 _aeng
110 _aTelevision Education Network
_93468
245 4 _aThe Chartered Surveyors` Channel : mixed option 2. - October 1997
260 _aLondon
_bTelevision Education Network
_c1997
300 _a1 videocassette (VHS) (132 mins) : sd.
350 _a0
520 _a£10.00 Hire charge. CONTENTS: NEWS REVIEW (15 mins) / TAXATION & COMPENSATION: Property and VAT - the 1997 changes. - HART, C. (20 mins) / PROPERTY LAW: Rent review update: the impact of the Arbitration Act 1996 and Civil Evidence Act 1995: Two recent cases on expert determinations & Business lease renewals under the PACT Scheme (16 mins). - FREEDMAN, P. & GYNGELL, T. / RESIDENTIAL VALUATIONS AND SURVEYS: The new RICS/ISVA Homebuyer Service (part 2) (20mins). - HOLDEN, G. / AGENCY: Market update: the UK retail motor trade (20 mins). - BARBER, A. / PROPERTY SERVICES: the use of thatch in buildings (16 mins) - BONIFACE, S. / INFORMATION TECHNOLOGY: Multimedia technologies in property and construction (part 3) (25 mins). - WILDERSPIN, M., LEEVERS, D., CROTTY, R., SOPER, S. & HOGG, D.
650 _aARBITRATION ACT 1996
650 _aCHARTERED SURVEYORS CHANNEL
650 _aCIVIL EVIDENCE ACT 1995
650 _aHOMEBUYER SURVEY AND VALUATION SERVICE
650 _aLEASE RENEWALS
650 _aMOTOR TRADE
650 _aMULTIMEDIA TECHNOLOGIES
650 _aTEN VIDEOS
650 _aTHATCH
650 _aVALUE ADDED TAX
690 _aMANAGEMENT-BUSINESS MANAGEMENT-PROFESSIONAL PRACTICE
942 _n0
948 _c19/12/1997
999 _c85360
_d85360